Guide to economics for Filipinos / (Record no. 12677)
[ view plain ]
| 000 -LEADER | |
|---|---|
| fixed length control field | 00533nam a2200193 a 4500 |
| 005 - DATE AND TIME OF LATEST TRANSACTION | |
| control field | 20140310182405.0 |
| 008 - FIXED-LENGTH DATA ELEMENTS--GENERAL INFORMATION | |
| fixed length control field | 970101s19uu xx 00 eng d |
| 020 ## - INTERNATIONAL STANDARD BOOK NUMBER | |
| International Standard Book Number | 971-117-056-6 |
| 050 ## - LIBRARY OF CONGRESS CALL NUMBER | |
| Classification number | HB 171 |
| Item number | .V732 1972 |
| 100 ## - MAIN ENTRY--PERSONAL NAME | |
| Personal name | Villegas, Bernardo M. |
| 245 ## - TITLE STATEMENT | |
| Title | Guide to economics for Filipinos / |
| Statement of responsibility, etc | Bernardo M. Villegas. |
| 250 ## - EDITION STATEMENT | |
| Edition statement | 3rd ed. |
| 260 ## - PUBLICATION, DISTRIBUTION, ETC. (IMPRINT) | |
| Place of publication, distribution, etc | Manila : |
| Name of publisher, distributor, etc | Sinag-tala publishers, |
| Date of publication, distribution, etc | c1972. |
| 300 ## - PHYSICAL DESCRIPTION | |
| Extent | ix, 515 p. : |
| Other physical details | 22 cm. |
| Dimensions | ill. ; |
| 650 ## - SUBJECT ADDED ENTRY--TOPICAL TERM | |
| Topical term or geographic name as entry element | Economics. |
| 942 ## - ADDED ENTRY ELEMENTS (KOHA) | |
| Koha item type | Books |
| Source of classification or shelving scheme | Library of Congress Classification |
| Withdrawn status | Lost status | Source of classification or shelving scheme | Damaged status | Home library | Current library | Shelving location | Date acquired | Total Checkouts | Full call number | Barcode | Date last seen | Price effective from | Koha item type | Total Renewals | Date checked out | Copy number |
|---|---|---|---|---|---|---|---|---|---|---|---|---|---|---|---|---|
| Library of Congress Classification | Luxembourg Library | Luxembourg Library | Filipiniana Section | 01/01/1997 | HB 171 .V732 1972 | 3064 | 10/10/2013 | 03/10/2014 | Books | |||||||
| Library of Congress Classification | Luxembourg Library | Luxembourg Library | Filipiniana Section | 11/05/2013 | 1 | HB 171 .V732 1972 | 9925 | 10/27/2014 | 11/05/2013 | Books | 3 | 08/07/2014 | 2 |